[Event "Oberliga Ost-B 2122"]
[Site "Germany"]
[Date "2022.05.01"]
[Round "3.3"]
[White "Schneider, Christian1111"]
[Black "Reucker, Friedrich"]
[Result "1/2-1/2"]
[WhiteElo "2229"]
[BlackElo "1981"]
[PlyCount "34"]
[EventDate "2021.10.10"]
[EventType "team-tourn"]
[EventRounds "11"]
[EventCountry "GER"]
[SourceTitle "EXT 2023"]
[Source "ChessBase"]
[SourceDate "2022.10.05"]
[SourceVersion "1"]
[SourceVersionDate "2022.10.05"]
[SourceQuality "1"]
[WhiteTeam "Stadtilm Blau Weiss"]
[BlackTeam "Erfurt Empor"]
[WhiteTeamCountry "GER"]
[BlackTeamCountry "GER"]

1. c4 e6 2. g3 d5 3. Bg2 Nf6 4. Nf3 dxc4 5. Qa4+ Bd7 6. Qxc4 c5 7. Ne5 Qc8 8. 0-0 Nc6 9. Nxd7 Qxd7 10. a4 Be7 11. d3 0-0 12. Be3 Rac8 13. Na3 Rfd8 14. Bxc6 Rxc6 15. Rfc1 Nd5 16. Bd2 Bf6 17. Bc3 e5 1/2-1/2

[Event "GER-chT Lands U20"]
[Site "Neumuenster"]
[Date "2021.10.06"]
[Round "7.6"]
[White "Reucker, Friedrich"]
[Black "Dietz, Kristin"]
[Result "1-0"]
[WhiteElo "2031"]
[BlackElo "1924"]
[PlyCount "75"]
[EventDate "2021.10.01"]
[EventType "team-swiss"]
[EventRounds "7"]
[EventCountry "GER"]
[SourceTitle "CBM 204 Extra"]
[Source "ChessBase"]
[SourceDate "2021.11.30"]
[SourceVersion "1"]
[SourceVersionDate "2021.11.30"]
[SourceQuality "1"]
[WhiteTeam "Thueringen"]
[BlackTeam "Sachsen Anhalt"]
[WhiteTeamCountry "GER"]
[BlackTeamCountry "GER"]

1. d4 Nf6 2. Bg5 Ne4 3. h4 c5 4. d5 Qa5+ 5. Bd2 Qb6 6. Nc3 Nxd2 7. Qxd2 g6 8. h5 g5 9. e4 h6 10. Rb1 d6 11. Bb5+ Bd7 12. Be2 Bg7 13. Nd1 Na6 14. c3 Rc8 15. Ne3 Qa5 16. Nf3 Qxa2 17. 0-0 Qa5 18. Ra1 Qd8 19. Bxa6 bxa6 20. Rfb1 a5 21. b3 0-0 22. Ra3 Rb8 23. Rba1 Rb5 24. R1a2 Qb8 25. Rxa5 Rxb3 26. Rxa7 Bxc3 27. Qc2 Qb5 28. Rxd7 Rb1+ 29. Kh2 g4 30. Qxc3 Qxd7 31. Nf5 f6 32. N3h4 Kh7 33. Qe3 e6 34. Qxh6+ Kg8 35. Ng6 Rfb8 36. Qh8+ Kf7 37. Qg7+ Ke8 38. Qf8# 1-0

[Event "GER-chT Lands U20"]
[Site "Neumuenster"]
[Date "2021.10.04"]
[Round "4.6"]
[White "Reucker, Friedrich"]
[Black "Bosselmann, Tom Linus"]
[Result "1/2-1/2"]
[WhiteElo "2031"]
[BlackElo "2064"]
[PlyCount "42"]
[EventDate "2021.10.01"]
[EventType "team-swiss"]
[EventRounds "7"]
[EventCountry "GER"]
[SourceTitle "CBM 204 Extra"]
[Source "ChessBase"]
[SourceDate "2021.11.30"]
[SourceVersion "1"]
[SourceVersionDate "2021.11.30"]
[SourceQuality "1"]
[WhiteTeam "Thueringen"]
[BlackTeam "Schleswig Holstein"]
[WhiteTeamCountry "GER"]
[BlackTeamCountry "GER"]

1. d4 g6 2. Bf4 Nf6 3. Nc3 d5 4. e3 Bg7 5. h4 0-0 6. h5 c5 7. hxg6 fxg6 8. Qd2 Qa5 9. 0-0-0 Nc6 10. f3 Be6 11. g4 cxd4 12. exd4 Nxd4 13. Qe3 Ne4 14. fxe4 Bxg4 15. Rxd4 Bxd4 16. Qxd4 Rxf4 17. Bd3 dxe4 18. Nge2 exd3 19. Nxf4 Qg5 20. cxd3 e5 21. Qd5+ Kf8 1/2-1/2

[Event "Erfurt op-A 29th"]
[Site "Erfurt"]
[Date "2019.12.30"]
[Round "8"]
[White "Haack, Kevin"]
[Black "Reucker, Friedrich"]
[Result "1/2-1/2"]
[WhiteElo "2042"]
[BlackElo "1945"]
[PlyCount "52"]
[EventDate "2019.12.26"]
[EventType "swiss"]
[EventRounds "8"]
[EventCountry "GER"]
[SourceTitle "CBM 194 Extra"]
[Source "ChessBase"]
[SourceDate "2020.03.31"]
[SourceVersion "1"]
[SourceVersionDate "2020.03.31"]
[SourceQuality "1"]

1. c4 Nf6 2. g3 e6 3. Bg2 d5 4. Nf3 Be7 5. 0-0 0-0 6. b3 b6 7. Bb2 c5 8. e3 Bb7 9. d3 Nc6 10. Qe2 Qc7 11. Nbd2 Rfd8 12. Rad1 Rac8 13. Rfe1 a6 14. h4 b5 15. Nh2 dxc4 16. bxc4 Nb4 17. Ndf3 bxc4 18. dxc4 Be4 19. Ne5 Bxg2 20. Kxg2 Rxd1 21. Rxd1 Rd8 22. a3 Qb7+ 23. Nhf3 Rxd1 24. Qxd1 Nc6 25. Qa4 Nxe5 26. Bxe5 Nd7 1/2-1/2

[Event "Erfurt op-A 29th"]
[Site "Erfurt"]
[Date "2019.12.29"]
[Round "6"]
[White "King, Alexander"]
[Black "Reucker, Friedrich"]
[Result "1/2-1/2"]
[WhiteElo "2052"]
[BlackElo "1945"]
[PlyCount "44"]
[EventDate "2019.12.26"]
[EventType "swiss"]
[EventRounds "8"]
[EventCountry "GER"]
[SourceTitle "CBM 194 Extra"]
[Source "ChessBase"]
[SourceDate "2020.03.31"]
[SourceVersion "1"]
[SourceVersionDate "2020.03.31"]
[SourceQuality "1"]

1. Nf3 d5 2. e3 Nf6 3. c4 e6 4. b3 c5 5. Bb2 Nc6 6. cxd5 exd5 7. Be2 d4 8. exd4 cxd4 9. Bb5 Bc5 10. 0-0 0-0 11. d3 Bg4 12. Bxc6 bxc6 13. Nbd2 Rc8 14. Qc2 Bb6 15. Ne5 Qd5 16. Nxg4 Nxg4 17. Nf3 Rfe8 18. Rfe1 Ne5 19. Nxe5 Rxe5 20. Rxe5 Qxe5 21. Rc1 Re8 22. g3 Re6 1/2-1/2

[Event "GER-ch U25-A"]
[Site "Willingen"]
[Date "2018.05.26"]
[Round "9"]
[White "Matthes, Aaron"]
[Black "Reucker, Friedrich"]
[Result "0-1"]
[WhiteElo "1803"]
[BlackElo "1894"]
[PlyCount "56"]
[EventDate "2018.05.19"]
[EventType "swiss"]
[EventRounds "9"]
[EventCountry "GER"]
[SourceTitle "CBM 184 Extra"]
[Source "ChessBase"]
[SourceDate "2018.06.28"]
[SourceVersion "1"]
[SourceVersionDate "2018.06.28"]
[SourceQuality "1"]

1. d4 Nf6 2. c4 c5 3. Nf3 cxd4 4. Nxd4 Nc6 5. Nc3 g6 6. e4 Nxd4 7. Qxd4 d6 8. Be3 Bg7 9. Be2 0-0 10. Qd2 Bd7 11. 0-0 Bc6 12. f3 a5 13. Nd5 Nd7 14. Rab1 Nc5 15. Rfd1 Bxd5 16. cxd5 Qb6 17. b4 axb4 18. Rxb4 Qa5 19. Bxc5 Qxc5+ 20. Kh1 Rxa2 21. Qxa2 Qxb4 22. Rb1 Qc3 23. g3 Rc8 24. Rxb7 Bd4 25. Rb1 Qe3 26. Rf1 Rb8 27. Bc4 Rb2 28. Qa5 Bc3 0-1

[Event "GER-ch U25-A"]
[Site "Willingen"]
[Date "2018.05.25"]
[Round "8"]
[White "Reucker, Friedrich"]
[Black "Meiwes, Thore"]
[Result "1-0"]
[WhiteElo "1894"]
[BlackElo "1838"]
[PlyCount "37"]
[EventDate "2018.05.19"]
[EventType "swiss"]
[EventRounds "9"]
[EventCountry "GER"]
[SourceTitle "CBM 184 Extra"]
[Source "ChessBase"]
[SourceDate "2018.06.28"]
[SourceVersion "1"]
[SourceVersionDate "2018.06.28"]
[SourceQuality "1"]

1. d4 Nf6 2. Bf4 c5 3. e3 d5 4. c3 Nc6 5. Nd2 e6 6. Ngf3 cxd4 7. exd4 Nh5 8. Be3 g6 9. g4 Ng7 10. h4 h5 11. Ne5 Bd7 12. Bd3 Nxe5 13. dxe5 hxg4 14. Qxg4 Nf5 15. Bg5 Be7 16. 0-0-0 Bxg5 17. hxg5 Rxh1 18. Rxh1 Ke7 19. Qb4+ 1-0

[Event "GER-ch U25-A"]
[Site "Willingen"]
[Date "2018.05.23"]
[Round "5"]
[White "Klenk, Sofie"]
[Black "Reucker, Friedrich"]
[Result "1/2-1/2"]
[WhiteElo "1812"]
[BlackElo "1894"]
[PlyCount "44"]
[EventDate "2018.05.19"]
[EventType "swiss"]
[EventRounds "9"]
[EventCountry "GER"]
[SourceTitle "CBM 184 Extra"]
[Source "ChessBase"]
[SourceDate "2018.06.28"]
[SourceVersion "1"]
[SourceVersionDate "2018.06.28"]
[SourceQuality "1"]

1. c4 c5 2. Nc3 Nc6 3. g3 g6 4. Bg2 Bg7 5. Nf3 Nf6 6. d4 cxd4 7. Nxd4 0-0 8. 0-0 Nxd4 9. Qxd4 d6 10. Qd3 a6 11. Bd2 Rb8 12. a4 Bd7 13. Rac1 Bc6 14. e4 Nd7 15. b4 Re8 16. Qe2 Bxc3 17. Bxc3 Bxa4 18. f4 b5 19. e5 Nf8 20. f5 Bb3 21. fxg6 Nxg6 22. cxb5 Qb6+ 1/2-1/2

[Event "GER-ch U25-A"]
[Site "Willingen"]
[Date "2016.05.21"]
[Round "9"]
[White "Reucker, Friedrich"]
[Black "Acikel, Mert"]
[Result "1-0"]
[WhiteElo "1776"]
[BlackElo "1883"]
[PlyCount "83"]
[EventDate "2016.05.15"]
[EventType "swiss"]
[EventRounds "9"]
[EventCountry "GER"]
[SourceTitle "CBM 172 Extra"]
[Source "ChessBase"]
[SourceDate "2016.06.21"]
[SourceVersion "1"]
[SourceVersionDate "2016.06.21"]
[SourceQuality "1"]

1. d4 d5 2. c4 e6 3. Nf3 Nf6 4. g3 Be7 5. Bg2 c6 6. 0-0 0-0 7. b3 Nbd7 8. Bb2 b6 9. Nbd2 Ba6 10. Qc2 c5 11. e3 Rc8 12. Rfd1 cxd4 13. exd4 Qc7 14. Rac1 dxc4 15. bxc4 b5 16. c5 Nd5 17. Qb3 Qc6 18. Nf1 Bb7 19. Ne3 a6 20. a3 Nxe3 21. fxe3 Qd5 22. Qd3 Qh5 23. Ne1 Bxg2 24. Nxg2 Rfd8 25. Nf4 Qg4 26. Qe2 Qxe2 27. Nxe2 e5 28. Bc3 exd4 29. exd4 Bg5 30. Nf4 Bxf4 31. gxf4 Nb8 32. Re1 Nc6 33. Rcd1 Rd5 34. Kf2 Rcd8 35. Kf3 Kf8 36. Ke3 Rh5 37. f5 Rh3+ 38. Kd2 Nxd4 39. Bb4 Rxh2+ 40. Kc1 Nc6 41. Rxd8+ Nxd8 42. c6+ 1-0

[Event "GER-ch U25-A"]
[Site "Willingen"]
[Date "2016.05.17"]
[Round "4"]
[White "Buhr, Patrick"]
[Black "Reucker, Friedrich"]
[Result "1-0"]
[WhiteElo "1744"]
[BlackElo "1776"]
[PlyCount "44"]
[EventDate "2016.05.15"]
[EventType "swiss"]
[EventRounds "9"]
[EventCountry "GER"]
[SourceTitle "CBM 172 Extra"]
[Source "ChessBase"]
[SourceDate "2016.06.21"]
[SourceVersion "1"]
[SourceVersionDate "2016.06.21"]
[SourceQuality "1"]

1. c4 c5 2. g3 g6 3. Bg2 Bg7 4. Nf3 Nc6 5. Nc3 Nf6 6. d4 cxd4 7. Nxd4 0-0 8. 0-0 Nxd4 9. Qxd4 d6 10. Rd1 a6 11. Qh4 Qc7 12. Bg5 Be6 13. Nd5 Bxd5 14. cxd5 Rac8 15. Bh3 Rb8 16. e4 Rfe8 17. e5 dxe5 18. d6 exd6 19. Bxf6 Bxf6 20. Qxf6 Rbd8 21. Rac1 Qa5 22. Rxd6 Rxd6 1-0